00932nam a2200253 a 450000100060000000300080000600500170001400800410003103500190007203500110009104000310010204100080013308200280014110000560016924500790022526000520030430000210035650400410037765000700041865000390048894200120052799900170053995201220055642743BD-RjUL20211209053602.0160615s1934 enk b 000 0 eng d a(BD-RjUL)42861 a750956 aD2035bengcD2035dBD-RjUL aeng04a338.70941219bMAE 19341 aMacgregor, D. H.q(David Hutchison),d1877-913138210aEnterprise, purpose and profit :bessays on industry /cby D.H. Macgregor. aOxford [Oxfordshire] :bClarendon Press,c1934. a200 p. ;c22 cm. aIncludes bibliographical references. 0aIndustrial organization (Economic theory)zGreat Britain.9131383 0aIndustrieszGreat Britain.9131384 2ddccBK c42743d42743 00102ddc40708NFICaRUCLbRUCLcStackd1950-05-01l0o338.70941 MAE 1934r2016-06-15 00:00:00tC-2w2016-06-15yBK